[Event "Sarajevo Bosna op 46th"]
[Site "Sarajevo"]
[Date "2016.06.03"]
[Round "9"]
[White "Agic, Ahmed"]
[Black "Krug, Franz Dieter"]
[Result "0-1"]
[WhiteElo "1856"]
[BlackElo "1680"]
[PlyCount "27"]
[EventDate "2016.05.28"]
[EventType "swiss"]
[EventRounds "9"]
[EventCountry "BIH"]
[SourceTitle "EXT 2019"]
[Source "ChessBase"]
[SourceDate "2018.10.10"]
[SourceVersion "1"]
[SourceVersionDate "2018.10.10"]
[SourceQuality "1"]

1. Nf3 d5 2. d4 e6 3. g3 g6 4. Bg2 Bg7 5. 0-0 Nf6 6. c4 dxc4 7. Nc3 Bd7 8. a4 0-0 9. Ne5 c6 10. Nxc4 Nd5 11. e4 Nb6 12. Ne3 a5 13. d5 exd5 14. exd5 0-1

[Event "Sarajevo Bosna op 46th"]
[Site "Sarajevo"]
[Date "2016.05.31"]
[Round "5"]
[White "Krug, Franz Dieter"]
[Black "Nikolovska, Dragana"]
[Result "0-1"]
[WhiteElo "1680"]
[BlackElo "1875"]
[PlyCount "36"]
[EventDate "2016.05.28"]
[EventType "swiss"]
[EventRounds "9"]
[EventCountry "BIH"]
[SourceTitle "EXT 2019"]
[Source "ChessBase"]
[SourceDate "2018.10.10"]
[SourceVersion "1"]
[SourceVersionDate "2018.10.10"]
[SourceQuality "1"]

1. d4 Nf6 2. c4 c5 3. e3 g6 4. Nf3 Bg7 5. Be2 0-0 6. Nc3 cxd4 7. exd4 d5 8. cxd5 Nxd5 9. 0-0 Nc6 10. Nxd5 Qxd5 11. Be3 Rd8 12. b3 Nxd4 13. Nxd4 Bxd4 14. Bc4 Qe5 15. Qf3 Bxa1 16. Qxf7+ Kh8 17. Rxa1 Qxa1+ 18. Bf1 Qf6 0-1

[Event "Sarajevo Bosna op 46th"]
[Site "Sarajevo"]
[Date "2016.05.29"]
[Round "2"]
[White "Halilovic, Fahrudin"]
[Black "Krug, Franz Dieter"]
[Result "1-0"]
[WhiteElo "1973"]
[BlackElo "1680"]
[PlyCount "73"]
[EventDate "2016.05.28"]
[EventType "swiss"]
[EventRounds "9"]
[EventCountry "BIH"]
[SourceTitle "EXT 2019"]
[Source "ChessBase"]
[SourceDate "2018.10.10"]
[SourceVersion "1"]
[SourceVersionDate "2018.10.10"]
[SourceQuality "1"]

1. c4 g6 2. Nc3 Bg7 3. g3 c6 4. Bg2 Nf6 5. e4 d6 6. Rb1 0-0 7. b4 Nbd7 8. Nge2 Ne5 9. d3 Bg4 10. f4 Nf3+ 11. Kf2 Nd4 12. h3 Nxe2 13. Nxe2 Bd7 14. g4 e5 15. f5 Ne8 16. h4 Nf6 17. Ng3 Ne8 18. Bg5 Bf6 19. Bh6 Bg7 20. Be3 h6 21. Qd2 Kh7 22. Bf3 Rh8 23. g5 h5 24. Rbg1 a5 25. a3 axb4 26. axb4 Ra4 27. Ra1 b5 28. Rxa4 bxa4 29. Ra1 Qa8 30. Qa2 d5 31. Qxa4 Qxa4 32. Rxa4 d4 33. Bd2 Nd6 34. Ra7 Be6 35. Rc7 c5 36. Rxc5 Nxe4+ 37. Nxe4 1-0

[Event "Sarajevo Bosna op 45th"]
[Site "Sarajevo"]
[Date "2015.06.01"]
[Round "4"]
[White "Agic, Ahmed"]
[Black "Krug, Franz Dieter"]
[Result "1/2-1/2"]
[WhiteElo "1843"]
[BlackElo "1639"]
[PlyCount "38"]
[EventDate "2015.05.30"]
[EventType "swiss"]
[EventRounds "9"]
[EventCountry "BIH"]
[SourceTitle "CBM 166 Extra"]
[Source "ChessBase"]
[SourceDate "2015.06.18"]
[SourceVersion "1"]
[SourceVersionDate "2015.06.18"]
[SourceQuality "1"]

1. d4 d5 2. Nf3 Nf6 3. c4 e6 4. Bg5 Be7 5. e3 h6 6. Bh4 0-0 7. Nc3 c6 8. a3 Bd7 9. Bd3 Nh7 10. Bg3 Ng5 11. c5 Nxf3+ 12. Qxf3 f5 13. h4 Be8 14. h5 Nd7 15. Qe2 Nf6 16. Be5 Ng4 17. Bg3 Bf7 18. f3 Nf6 19. Bh4 Nxh5 1/2-1/2

[Event "Maastricht Limburg op-C 8th"]
[Site "Maastricht"]
[Date "2014.06.09"]
[Round "6"]
[White "Van Dael, Siem"]
[Black "Krug, Franz Dieter"]
[Result "1-0"]
[WhiteElo "1587"]
[BlackElo "1596"]
[PlyCount "86"]
[EventDate "2014.06.06"]
[EventType "swiss"]
[EventRounds "7"]
[EventCountry "NED"]
[SourceTitle "EXT 2015"]
[Source "ChessBase"]
[SourceDate "2014.11.20"]
[SourceVersion "1"]
[SourceVersionDate "2014.11.20"]
[SourceQuality "1"]

1. e4 e5 2. Nf3 d6 3. Bc4 h6 4. d4 exd4 5. Nxd4 Nd7 6. f4 Ngf6 7. Nc3 Nc5 8. e5 Nfe4 9. Nxe4 Nxe4 10. 0-0 d5 11. Bb5+ c6 12. Bd3 Bc5 13. Bxe4 dxe4 14. c3 Bf5 15. Kh1 Bh7 16. e6 Bxd4 17. exf7+ Kxf7 18. Qb3+ Ke7 19. Qxb7+ Qd7 20. Qxd7+ Kxd7 21. cxd4 Kd6 22. b3 g6 23. Bb2 Kd5 24. Rac1 Rhc8 25. Rc5+ Kd6 26. Ba3 Kc7 27. Rfc1 Kb7 28. Re5 Re8 29. h4 Bg8 30. h5 Bf7 31. hxg6 Rxe5 32. dxe5 Bxg6 33. g4 Bf7 34. Kh2 Rd8 35. Bd6 Bd5 36. Kg3 Rg8 37. Rh1 Rh8 38. f5 Rh7 39. Kf4 e3 40. Re1 h5 41. Rxe3 h4 42. Rh3 Bg2 43. Rh2 Kc8 1-0

[Event "Maastricht Limburg op-C 8th"]
[Site "Maastricht"]
[Date "2014.06.08"]
[Round "4"]
[White "Parren, Ashley"]
[Black "Krug, Franz Dieter"]
[Result "0-1"]
[WhiteElo "1405"]
[BlackElo "1596"]
[PlyCount "70"]
[EventDate "2014.06.06"]
[EventType "swiss"]
[EventRounds "7"]
[EventCountry "NED"]
[SourceTitle "EXT 2015"]
[Source "ChessBase"]
[SourceDate "2014.11.20"]
[SourceVersion "1"]
[SourceVersionDate "2014.11.20"]
[SourceQuality "1"]

1. e4 e5 2. Nf3 d6 3. Bc4 h6 4. Nc3 Nf6 5. d3 Be7 6. h3 0-0 7. Be3 a6 8. 0-0 Nc6 9. Qd2 Na5 10. Ne2 Nxc4 11. dxc4 Nxe4 12. Qc1 Be6 13. b3 Qd7 14. Rd1 f5 15. Nxe5 Qe8 16. Nd3 g5 17. f3 Nf6 18. f4 g4 19. Kh2 Kh7 20. Ng3 Rg8 21. Re1 Nh5 22. Bf2 Nxg3 23. Bxg3 Bf6 24. Rb1 Qf7 25. Qd2 gxh3 26. gxh3 Rg6 27. Qg2 Bh4 28. Re3 Rag8 29. Qxb7 Bxg3+ 30. Kh1 R8g7 31. Qxa6 Qf6 32. Qc6 Qh4 33. a4 Qxh3+ 34. Kg1 Bxf4+ 35. Kf2 Qxe3+ 0-1

[Event "Hessen-chB"]
[Site "Korbach"]
[Date "2013.03.30"]
[Round "6"]
[White "Krug, Franz Dieter"]
[Black "Straschnej, Paul"]
[Result "1/2-1/2"]
[WhiteElo "1571"]
[BlackElo "1554"]
[PlyCount "137"]
[EventDate "2013.03.27"]
[EventType "swiss"]
[EventRounds "7"]
[EventCountry "GER"]
[SourceTitle "EXT 2014"]
[Source "ChessBase"]
[SourceDate "2013.11.20"]
[SourceVersion "1"]
[SourceVersionDate "2013.11.20"]
[SourceQuality "1"]

1. d4 d5 2. c4 e6 3. Nc3 Nf6 4. cxd5 exd5 5. h3 Nc6 6. Nf3 Be7 7. e3 0-0 8. a3 Re8 9. Bd3 Bd6 10. 0-0 Ne7 11. Nb5 c6 12. Nxd6 Qxd6 13. Bd2 b6 14. Qc2 c5 15. dxc5 bxc5 16. Bb5 Bf5 17. Bd3 Ne4 18. Nh4 Nxd2 19. Nxf5 Nxf5 20. Qxd2 Nh4 21. Qd1 Re6 22. g3 Ng6 23. Be2 Ne5 24. Bf3 Nxf3+ 25. Qxf3 Rb8 26. Rad1 Rd8 27. Rd2 Qd7 28. Kg2 Rd6 29. Rfd1 d4 30. exd4 Rxd4 31. Rxd4 cxd4 32. Rd3 h6 33. b4 g5 34. Qf6 Qd5+ 35. Qf3 f5 36. Qxd5+ Rxd5 37. Kf3 Kf7 38. Ke2 g4 39. h4 Kf6 40. f3 Ke5 41. fxg4 fxg4 42. Kf2 Ke4 43. Ke2 a6 44. a4 Rd6 45. b5 axb5 46. axb5 Kd5 47. Rb3 Kc4 48. Rb1 Rb6 49. Rc1+ Kxb5 50. Kd3 Rd6 51. Ke4 Kb4 52. Kf4 d3 53. Kxg4 d2 54. Rd1 Kc3 55. Kf5 Kc2 56. Rxd2+ Kxd2 57. g4 Ke3 58. g5 hxg5 59. hxg5 Rd5+ 60. Kf6 Kf4 61. g6 Rf5+ 62. Ke7 Ra5 63. g7 Ra7+ 64. Kf6 Ra6+ 65. Kf7 Kf5 66. g8Q Ra7+ 67. Kf8 Ra8+ 68. Kg7 Rxg8+ 69. Kxg8 1/2-1/2

[Event "Maastricht Limburg op-C 5th"]
[Site "Maastricht"]
[Date "2011.06.12"]
[Round "5"]
[White "Johnson, Mark1111"]
[Black "Krug, Franz Dieter"]
[Result "0-1"]
[WhiteElo "1138"]
[BlackElo "1411"]
[PlyCount "94"]
[EventDate "2011.06.10"]
[EventType "swiss"]
[EventRounds "7"]
[EventCountry "NED"]
[SourceTitle "EXT 2012"]
[Source "ChessBase"]
[SourceDate "2011.11.24"]
[SourceVersion "1"]
[SourceVersionDate "2011.11.24"]
[SourceQuality "1"]

1. e4 e5 2. Nf3 d6 3. d4 exd4 4. Nxd4 Nf6 5. Nc3 Nbd7 6. Bg5 Be7 7. Bd3 Ne5 8. f3 Nxd3+ 9. Qxd3 Nh5 10. Bxe7 Qxe7 11. Qd2 c5 12. Nb3 Be6 13. Nd5 Bxd5 14. Qxd5 Qh4+ 15. Kf1 Ng3+ 16. Kg1 Nxh1 17. Kxh1 Qe7 18. Rd1 Rd8 19. Na5 Rd7 20. Nb3 0-0 21. Nxc5 Rc7 22. Nb3 Rd8 23. c3 h6 24. Qd4 b6 25. Nd2 Rcd7 26. c4 Kh8 27. Qf2 Re8 28. b3 Qf6 29. Qe1 Re5 30. Nf1 Kh7 31. Ne3 h5 32. Nd5 Qg6 33. Nf4 Qh6 34. Nd5 f5 35. Rd4 g5 36. Qe2 Qg7 37. f4 Re6 38. Qxh5+ Rh6 39. Qd1 gxf4 40. Nxf4 Qe5 41. g3 fxe4 42. Rd5 Qb2 43. Rd2 Qc3 44. Rc2 Qxg3 45. Qf1 Rf7 46. Rg2 Qxf4 47. Qg1 Qf3 0-1